Python Machine Learning By Example (Record no. 348164)
[ view plain ]
| 000 -LEADER | |
|---|---|
| fixed length control field | 00520nam a2200169Ia 4500 |
| 008 - FIXED-LENGTH DATA ELEMENTS--GENERAL INFORMATION | |
| fixed length control field | 230718s9999 xx 000 0 und d |
| 020 ## - INTERNATIONAL STANDARD BOOK NUMBER | |
| International Standard Book Number | 9781783553112 |
| 041 ## - LANGUAGE CODE | |
| Language code of text/sound track or separate title | eng |
| 082 ## - DEWEY DECIMAL CLASSIFICATION NUMBER | |
| Classification number | 005.13'3 |
| Item number | LIU |
| 100 ## - MAIN ENTRY--PERSONAL NAME | |
| Personal name | Liu Y. |
| 9 (RLIN) | 201005 |
| 245 ## - TITLE STATEMENT | |
| Title | Python Machine Learning By Example |
| Remainder of title | Easy-To-Follow Examples That Get You Up And Running With Machine Learning |
| 260 ## - PUBLICATION, DISTRIBUTION, ETC. (IMPRINT) | |
| Date of publication, distribution, etc. | 2017 |
| Name of publisher, distributor, etc. | Packt |
| 300 ## - PHYSICAL DESCRIPTION | |
| Extent | 240 |
| 365 ## - TRADE PRICE | |
| Currency code | Rs. |
| Price amount | 799.00 |
| 700 ## - ADDED ENTRY--PERSONAL NAME | |
| Personal name | Liu Y. |
| 9 (RLIN) | 201005 |
| 906 ## - LOCAL DATA ELEMENT F, LDF (RLIN) | |
| d | O:0604018-Aug-2018B:IN27325-Jul-2018 |
| c | COMP |
| b | 159.8 |
| Withdrawn status | Lost status | Damaged status | Not for loan | Home library | Current library | Date acquired | Vendor | Budget Code | Cost, normal purchase price | Bill number | Total Checkouts | Full call number | Barcode | Date last seen | Date last checked out | Discount | Cost, replacement price | Bill Date | Koha item type | Original Barcode |
|---|---|---|---|---|---|---|---|---|---|---|---|---|---|---|---|---|---|---|---|---|
| Cummins College of Engineering for Women Pune | Cummins College of Engineering for Women Pune | 18/08/2018 | Pradeep Book Distributors | COMP | 639.20 | IN273 | 6 | 005.13'3 | CCEP-BK-59371 | 28/05/2024 | 16/04/2024 | 159.8 | 799.00 | 25/07/2018 | Books | 059371 |